[Event "Braunschweig"]
[Site "Braunschweig"]
[Date "2025.07.10"]
[Round "4"]
[White "Polster, Christian"]
[Black "Petrovskiy, Vadim"]
[Result "0-1"]
[WhiteElo "2291"]
[BlackElo "2443"]
[PlyCount "68"]
[EventDate "2025.07.07"]
[EventType "tourn"]
[EventRounds "9"]
[EventCountry "GER"]
[EventCategory "3"]
[SourceTitle "CB29_2025"]
[SourceDate "2025.07.16"]
[SourceVersion "1"]
[SourceVersionDate "2025.07.16"]
[SourceQuality "1"]

1. e4 c5 2. Nf3 Nf6 3. e5 Nd5 4. Nc3 Nxc3 5. dxc3 Nc6 6. Bf4 Qb6 7. Qc1 h6 8. h3 e6 9. Nd2 Qc7 10. Nc4 b5 11. Nd6+ Bxd6 12. exd6 Qb6 13. Qe3 Bb7 14. Qg3 g5 15. Be3 b4 16. a3 bxc3 17. b4 Nd4 18. Bd3 f6 19. bxc5 Qxc5 20. Rb1 Bc6 21. h4 e5 22. hxg5 Qxd6 23. Rh4 Ke7 24. Rxh6 Rxh6 25. gxh6 Ne6 26. Bf5 e4 27. Qg6 Qh2 28. Ke2 Nf4+ 29. Bxf4 Qxf4 30. Qg7+ Kd8 31. Qxf6+ Kc7 32. h7 Bb5+ 33. Rxb5 Qd2+ 34. Kf1 Qd1# 0-1

[Event "Przeworsk"]
[Site "Przeworsk"]
[Date "2025.05.23"]
[Round "3"]
[White "Petrovskiy, Vadim"]
[Black "Baum, Jonasz"]
[Result "0-1"]
[WhiteElo "2437"]
[BlackElo "2479"]
[PlyCount "64"]
[EventDate "2025.05.22"]
[EventType "tourn"]
[EventRounds "9"]
[EventCountry "POL"]
[EventCategory "8"]
[SourceTitle "CB22_2025"]
[SourceDate "2025.05.28"]
[SourceVersion "1"]
[SourceVersionDate "2025.05.28"]
[SourceQuality "1"]

1. e4 e5 2. Nf3 Nc6 3. Nc3 Nf6 4. h3 g6 5. d4 exd4 6. Nxd4 Bg7 7. Nxc6 bxc6 8. Bd3 0-0 9. 0-0 Re8 10. f4 d6 11. Qf3 Bb7 12. f5 Nd7 13. Qg3 Ne5 14. Bg5 Qd7 15. Rae1 c5 16. f6 Bh8 17. Qh4 Re6 18. Rf4 Qe8 19. Ref1 c6 20. Nd1 d5 21. Ne3 Nd7 22. Ng4 c4 23. exd5 cxd5 24. Nh6+ Kf8 25. Nf5 Kg8 26. Nh6+ Kf8 27. Nxf7 Qxf7 28. Bxg6 Qxg6 29. Bh6+ Kf7 30. Rg4 Re4 31. Bf4 Bxf6 32. Qg3 Qh5 0-1

[Event "EU-ch 24th"]
[Site "Petrovac"]
[Date "2024.11.18"]
[Round "10"]
[White "Petrovskiy, Vadim"]
[Black "Kochavi, Dana"]
[Result "1/2-1/2"]
[WhiteElo "2433"]
[BlackElo "2166"]
[PlyCount "84"]
[EventDate "2024.11.08"]
[EventType "swiss"]
[EventRounds "11"]
[EventCountry "MNE"]
[SourceTitle "CB47_2024"]
[SourceDate "2024.11.20"]
[SourceVersion "1"]
[SourceVersionDate "2024.11.20"]
[SourceQuality "1"]

1. e4 c5 2. Nf3 Nc6 3. Bc4 e5 4. Nc3 g6 5. d3 h6 6. a4 Bg7 7. Nd2 Nge7 8. Nf1 d6 9. Ne3 0-0 10. h4 Kh8 11. h5 g5 12. g4 Be6 13. Ncd5 Nb4 14. Nxe7 Qxe7 15. c3 Nc6 16. f3 Qd7 17. Nd5 Rac8 18. Be3 Ne7 19. Qb3 Bxd5 20. Bxd5 Nxd5 21. Qxd5 Qe6 22. Qxe6 fxe6 23. Ke2 d5 24. b3 Rf7 25. a5 a6 26. Bf2 Kg8 27. c4 d4 28. Bg3 Rd7 29. Rhb1 Kf7 30. Ra4 Kf6 31. Be1 Bf8 32. b4 cxb4 33. Bxb4 Bxb4 34. Raxb4 Rcc7 35. Rb6 Kf7 36. Kd2 Re7 37. Kc2 Ke8 38. Kb3 Kd8 39. Kb4 Kc8 40. c5 Rc6 41. Rxc6+ bxc6 42. Kc4 Ra7 1/2-1/2

[Event "EU-ch 24th"]
[Site "Petrovac"]
[Date "2024.11.17"]
[Round "9"]
[White "Petrovic, Aleksa"]
[Black "Petrovskiy, Vadim"]
[Result "0-1"]
[WhiteElo "2262"]
[BlackElo "2433"]
[PlyCount "104"]
[EventDate "2024.11.08"]
[EventType "swiss"]
[EventRounds "11"]
[EventCountry "MNE"]
[SourceTitle "CB47_2024"]
[SourceDate "2024.11.20"]
[SourceVersion "1"]
[SourceVersionDate "2024.11.20"]
[SourceQuality "1"]

1. d4 Nf6 2. Nf3 e6 3. g3 d5 4. Bg2 Be7 5. c4 0-0 6. 0-0 b6 7. cxd5 exd5 8. Nc3 Bb7 9. Bf4 Re8 10. Rc1 Na6 11. Qc2 h6 12. Rfd1 Bf8 13. h4 Qe7 14. Bh3 c5 15. Be5 Ne4 16. dxc5 Nxc3 17. bxc3 Nxc5 18. Re1 Ne4 19. Bf4 Qf6 20. Qd3 Bc5 21. Nd4 a5 22. Rf1 Ba6 23. Qd1 Nxc3 24. Rxc3 Qxd4 25. Rc2 Qxd1 26. Rxd1 Bxe2 27. Rxd5 Bf3 28. Re5 Rxe5 29. Bxe5 Re8 30. Bc3 Re2 31. Rxe2 Bxe2 32. Bf1 Bf3 33. Bg2 Be2 34. Bc6 h5 35. Kg2 f5 36. a4 Kf7 37. Bd5+ Kf8 38. f3 g6 39. Be1 Ke7 40. Bc6 Bc4 41. Bf2 Be6 42. Bxc5+ bxc5 43. Kf2 Bd7 44. Bd5 Bxa4 45. Bc4 Bd7 46. Ke3 a4 47. Kd2 Be6 48. Bb5 a3 49. Kc3 Bf7 50. f4 Kd6 51. Ba4 a2 52. Kb2 Kc7 0-1

[Event "Berlin Radtke Memorial"]
[Site "Berlin"]
[Date "2024.10.26"]
[Round "8"]
[White "Petrovskiy, Vadim"]
[Black "Hulka, Valentyn"]
[Result "1/2-1/2"]
[WhiteElo "2454"]
[BlackElo "2237"]
[PlyCount "35"]
[EventDate "2024.10.21"]
[EventType "swiss"]
[EventRounds "9"]
[EventCountry "GER"]
[SourceTitle "CB44_2024"]
[Source "Chessbase"]
[SourceDate "2024.10.30"]
[SourceVersion "1"]
[SourceVersionDate "2024.10.30"]
[SourceQuality "1"]

1. d4 d5 2. c4 e6 3. Nf3 Nf6 4. g3 Bb4+ 5. Bd2 a5 6. Bg2 0-0 7. 0-0 dxc4 8. e3 c6 9. Ne5 b5 10. Nxc6 Nxc6 11. Bxc6 Rb8 12. a4 bxa4 13. Qxa4 Bd7 14. Bxd7 Nxd7 15. Bxb4 Rxb4 16. Qxa5 Qxa5 17. Rxa5 Rxb2 18. Ra7 1/2-1/2

[Event "Berlin Radtke Memorial"]
[Site "Berlin"]
[Date "2024.10.25"]
[Round "7"]
[White "Moeller, Maurin"]
[Black "Petrovskiy, Vadim"]
[Result "1/2-1/2"]
[WhiteElo "2138"]
[BlackElo "2454"]
[PlyCount "103"]
[EventDate "2024.10.21"]
[EventType "swiss"]
[EventRounds "9"]
[EventCountry "GER"]
[SourceTitle "CB44_2024"]
[Source "Chessbase"]
[SourceDate "2024.10.30"]
[SourceVersion "1"]
[SourceVersionDate "2024.10.30"]
[SourceQuality "1"]

1. d4 Nf6 2. c4 g6 3. Nc3 Bg7 4. e4 d6 5. Be2 0-0 6. Be3 Nbd7 7. g4 e5 8. d5 Nc5 9. f3 a5 10. h4 Ne8 11. h5 f5 12. hxg6 hxg6 13. gxf5 gxf5 14. exf5 Bxf5 15. Qd2 Qd7 16. 0-0-0 a4 17. Bf1 Nf6 18. Bh3 a3 19. b3 Rae8 20. Bxc5 dxc5 21. Ne4 Nh5 22. Bxf5 Qxf5 23. Nh3 Nf6 24. Rdg1 Nxe4 25. fxe4 Qxe4 26. Ng5 Qd4 27. Qxd4 cxd4 28. Ne6 Rxe6 29. dxe6 Rf6 30. Rh4 Rxe6 31. Rhg4 Re7 32. Re1 Kf7 33. Kc2 Re6 34. Rf1+ Bf6 35. Kd3 Re8 36. Rh1 Ke6 37. Ke4 Rd8 38. Rh3 c5 39. Rg6 Rd7 40. Rh5 d3 41. Rg1 Rd4+ 42. Ke3 b6 43. Rf1 Be7 44. Rh6+ Kd7 45. Rg6 Kc7 46. Rg7 Kd6 47. Rg6+ Kc7 48. Rd1 e4 49. Rg4 Bf8 50. Rxe4 Bh6+ 51. Kf3 Rxe4 52. Kxe4 1/2-1/2

[Event "GER-ch U18"]
[Site "Willingen"]
[Date "2024.05.20"]
[Round "3"]
[White "Petrovskiy, Vadim"]
[Black "Chassard, Cedric"]
[Result "1/2-1/2"]
[WhiteElo "2424"]
[BlackElo "2247"]
[PlyCount "55"]
[EventDate "2024.05.19"]
[EventType "swiss"]
[EventRounds "9"]
[EventCountry "GER"]
[SourceTitle "CBM 220 Extra"]
[Source "ChessBase"]
[SourceDate "2024.07.31"]
[SourceVersion "1"]
[SourceVersionDate "2024.07.31"]
[SourceQuality "1"]

1. d4 Nf6 2. c4 e6 3. Nf3 d5 4. Nc3 dxc4 5. e4 b5 6. e5 Nd5 7. Nxb5 Nb6 8. Be2 Nc6 9. 0-0 Be7 10. Nc3 0-0 11. Qd2 Nb4 12. a3 N4d5 13. Ne4 Bb7 14. Qc2 Rc8 15. Rd1 Qd7 16. Nc5 Qc6 17. Nxb7 Qxb7 18. Bxc4 Nxc4 19. Qxc4 c5 20. dxc5 Rfd8 21. b4 Nxb4 22. Bg5 Nd5 23. Bxe7 Qxe7 24. Rac1 Rd7 25. Rd2 Rdc7 26. Rdc2 Rxc5 27. Qxc5 Rxc5 28. Rxc5 1/2-1/2

[Event "GER-ch U18"]
[Site "Willingen"]
[Date "2024.05.19"]
[Round "2"]
[White "Hommer, Jeremy"]
[Black "Petrovskiy, Vadim"]
[Result "1/2-1/2"]
[WhiteElo "2265"]
[BlackElo "2424"]
[PlyCount "63"]
[EventDate "2024.05.19"]
[EventType "swiss"]
[EventRounds "9"]
[EventCountry "GER"]
[SourceTitle "CBM 220 Extra"]
[Source "ChessBase"]
[SourceDate "2024.07.31"]
[SourceVersion "1"]
[SourceVersionDate "2024.07.31"]
[SourceQuality "1"]

1. e4 c5 2. Nf3 d6 3. Bb5+ Nd7 4. c4 Ngf6 5. Nc3 a6 6. Ba4 e6 7. 0-0 Be7 8. d4 cxd4 9. Qxd4 0-0 10. Rd1 Qc7 11. Bxd7 Bxd7 12. Bf4 Bc6 13. Bxd6 Bxd6 14. Qxd6 Qxd6 15. Rxd6 Bxe4 16. Ne5 Rfc8 17. Na4 Rc7 18. Nb6 Re8 19. b4 Kf8 20. f3 Ke7 21. Rd2 Bc6 22. Rad1 g5 23. a4 Rb8 24. Kf2 Be8 25. Rd4 a5 26. b5 Rc5 27. Nd3 Rc7 28. Nc1 Nd7 29. Nxd7 Rxd7 30. Rxd7+ Bxd7 31. c5 e5 32. Nb3 1/2-1/2

[Event "BL2-West 2324"]
[Site "Germany"]
[Date "2023.12.03"]
[Round "4.6"]
[White "Coenen, Norbert"]
[Black "Petrovskiy, Vadim"]
[Result "1-0"]
[WhiteElo "2249"]
[BlackElo "2413"]
[PlyCount "137"]
[EventDate "2023.10.21"]
[EventType "team-tourn"]
[EventRounds "10"]
[EventCountry "GER"]
[SourceTitle "EXT 2025"]
[Source "ChessBase"]
[SourceDate "2024.10.14"]
[SourceVersion "1"]
[SourceVersionDate "2024.10.14"]
[SourceQuality "1"]
[WhiteTeam "Aachen"]
[BlackTeam "Bad Wolfhagen Emstal"]
[WhiteTeamCountry "GER"]
[BlackTeamCountry "GER"]

1. e4 c5 2. Nf3 d6 3. Bc4 Nf6 4. d3 Nc6 5. 0-0 e6 6. Bb3 Be7 7. c3 0-0 8. Re1 b5 9. d4 Bb7 10. Nbd2 Rc8 11. dxc5 dxc5 12. Qe2 c4 13. Bc2 Nd7 14. Nf1 Nde5 15. Rd1 Qc7 16. Bf4 Bd6 17. Bg3 Rfd8 18. Nxe5 Bxe5 19. Rxd8+ Rxd8 20. Rd1 Rb8 21. Rd2 Bxg3 22. hxg3 Ne5 23. Qe3 a5 24. Qd4 f6 25. Qd6 Qxd6 26. Rxd6 Bc8 27. f4 Nf7 28. Rc6 Kf8 29. Rc7 a4 30. Kf2 Ke8 31. Nd2 Bd7 32. Bd1 Ra8 33. Ke3 Kd8 34. Rc5 Ke7 35. Nf3 a3 36. b3 cxb3 37. Bxb3 Rc8 38. Rxc8 Bxc8 39. Nd4 Bd7 40. Nc2 Kd6 41. Nxa3 Kc5 42. Nc2 Nd6 43. Nb4 Nc4+ 44. Kd3 e5 45. Bxc4 bxc4+ 46. Ke3 Be6 47. Nc2 Bd7 48. Ne1 Kd6 49. Nf3 Ba4 50. fxe5+ fxe5 51. Ng5 h5 52. Nf3 Bc2 53. Nh4 Ke6 54. Nf5 g5 55. Ng7+ Kf7 56. Nf5 Ke6 57. Ng7+ Kf7 58. Nxh5 g4 59. Nf4 exf4+ 60. gxf4 g3 61. f5 Ba4 62. Kf4 Bc6 63. a4 Bxa4 64. Kxg3 Bc2 65. Kf4 Kf6 66. g4 Bd3 67. g5+ Kg7 68. e5 Kf7 69. e6+ 1-0

[Event "BL2-West 2324"]
[Site "Germany"]
[Date "2023.12.02"]
[Round "3.6"]
[White "Petrovskiy, Vadim"]
[Black "Bologan, Viktor"]
[Result "0-1"]
[WhiteElo "2413"]
[BlackElo "2574"]
[PlyCount "56"]
[EventDate "2023.10.21"]
[EventType "team-tourn"]
[EventRounds "10"]
[EventCountry "GER"]
[SourceTitle "EXT 2025"]
[Source "ChessBase"]
[SourceDate "2024.10.14"]
[SourceVersion "1"]
[SourceVersionDate "2024.10.14"]
[SourceQuality "1"]
[WhiteTeam "Bad Wolfhagen Emstal"]
[BlackTeam "Duesseldorf"]
[WhiteTeamCountry "GER"]
[BlackTeamCountry "GER"]

1. e4 e5 2. Nf3 Nc6 3. Bb5 a6 4. Ba4 d6 5. 0-0 Nf6 6. Re1 Bd7 7. c3 g6 8. d4 Bg7 9. d5 Ne7 10. Bxd7+ Nxd7 11. c4 h6 12. Nc3 f5 13. b4 Nf6 14. Nd2 0-0 15. a4 c6 16. dxc6 Nxc6 17. Ba3 Nd4 18. exf5 gxf5 19. Nb3 Rc8 20. Nxd4 exd4 21. Nd5 Nxd5 22. cxd5 f4 23. Re6 Qg5 24. Rxd6 f3 25. g3 d3 26. Rb1 d2 27. h4 Qf5 28. Kh2 Rfe8 0-1